Islands of the Marquesas Islands - Statistics

General Stats
  • This quiz has been taken 5 times
  • The average score is 4 of 13
Answers on the Map
Answers color-coded by a green-red scale on the quiz's map according to % correct below.
 
Answer Stats
Hint % Correct
Fatu Iva
100%
Hiva Oa
100%
Nuku Hiva
67%
Tahuata
67%
Moho Tani
33%
Ua Huka
33%
Ua Pou
33%
Eiao
0%
Fatu uku
0%
Hatu Iti
0%
Hatutaa
0%
Motu Nao
0%
Motu One
0%
No matching quizzes found
Score Distribution
Percent of People with Each Score
Percentile by Number Answered
Your Score History
You have not taken this quiz